Το βιβλίο του μαξιλαριού

Saved in:
Bibliographic Details
Main Author: Sei Shonagon, approximately 967-
Format: Book
Language:Greek
Japanese
Published: Αθήνα : Καστανιώτης, c1988.
Series:Κείμενα των λαών
Subjects:
Tags: Add Tag
No Tags, Be the first to tag this record!

MARC

LEADER 00000cam a2200000 i 4500
001 1/70683
008 050302s1988 gr | ||| |||| ||gre||
020 |a 9600300240 
035 |l 10076301 
040 |a GR-MyUa  |b gre  |e AACR2 
041 1 |a gre  |h jpn  |k eng 
082 7 |a 895.68   |2 (22) 
100 0 |a Sei Shonagon,   |d approximately 967- 
245 1 3 |a Το βιβλίο του μαξιλαριού /   |c Σεϊ Σοναγγον ; πρόλογος σημειώσεις Σωκράτης Λ. Σκαρτσής ; μετάφραση Κατερίνα Παπανικολάου, Σωκράτης Λ. Σκαρτσής.  
260 |a Αθήνα :   |b Καστανιώτης,   |c c1988.  
300 |a 47 σ. ;   |c 19 εκ. 
490 1 |a (Κείμενα των λαών) 
504 |a Βιβλιογραφία: σ. [49] 
651 0 |a Japan  |x Court and courtiers. 
651 0 |a Japan  |x Social life and customs. 
830 0 |a Κείμενα των λαών 
852 |a INST  |b SYROS  |e 20050302  |h 895.68 SEI  |p 005500005421  |q 005500005421  |t BK  |y 0 
901 |a BIBL5-2005-1 
922 |a 5ΕΛΗ  |b 200411  |c Βιβλιοθήκη Σύρου  |d Πλάστιγγα 
950 |a 188-2004-11-03 
970 |a Τσουκαλά  |b Αλίκη  |z 31/03/2005